[Event "AUTO-MASTER-3302"]
[Site "http://www.queenalice.com/game.php?id=1872234"]
[Date "2026.4.21"]
[Round "1"]
[White "Guilherme_Ottoni"]
[Black "Pin"]
[Result "0-1"]
[WhiteElo "2273"]
[BlackElo "2049"]

1. e4 c5 2. Nf3 d6 3. Bb5+ Bd7 4. Bxd7+ Nxd7 5. O-O Ngf6 6. Re1 e5 7. c3 Be7 8.
d4 O-O 9. dxe5 dxe5 10. c4 Qc7 11. Nc3 a6 12. Bg5 Rad8 13. Qc2 Rfe8 14. Rad1 b6
15. Bxf6 Nxf6 16. Nd5 Nxd5 17. cxd5 b5 18. Nd2 c4 19. a4 Bb4 20. axb5 axb5 21.
Ra1 Bxd2 22. Qxd2 Qc5 23. Kf1 b4 24. Ra4 c3 25. Qc2 Qb5+ 26. Kg1 Rc8 27. Rea1 b3
28. Qc1 c2 29. R4a3 h6 30. Qe3 Qc5 31. Qxc5 Rxc5 32. Rc1 Rb8 33. f3 Rc4 34. Kf2
f5 35. exf5 Rd4 36. Ke2 Rxd5 37. g4 Kf7 38. Ra7+ Kf6 39. h4 Rbd8 40. Ra6+ R8d6
41. Rxd6+ Rxd6 42. Ra1 h5 43. Rg1 Rd7 44. gxh5 Kxf5 45. Rg5+ Kf6 46. Rg6+ Kf5
47. Rg5+ Ke6 48. Rg1 Kd5 49. Ra1 Rc7 50. Kd2 Ke6 51. Re1 Kf5 52. Kc1 Ra7 53. Kd2
Ra4 54. Kc3 Rxh4 55. Kxb3 Rh2 56. Kc3 Kf4 57. b4 Kxf3 58. b5 e4 59. b6 Rxh5 60.
Kxc2 Rc5+ 61. Kd2 Rd5+ 62. Kc2 Rc5+ 63. Kd2 Rb5 64. Rg1 g5 65. Rf1+ Kg4 66. Ke3
Rxb6 67. Kxe4 Re6+ 68. Kd3 Kh3 69. Rh1+ Kg2 70. Rh5 g4 71. Rg5 g3 72. Rg7 Kh2
73. Rh7+ Kg1 74. Rg7 g2 75. Kd2 Rh6 76. Ke2 Kh1 77. Kf2 Rf6+ 0-1

[Event "AUTO-MASTER-3297"]
[Site "http://www.queenalice.com/game.php?id=1873211"]
[Date "2026.5.9"]
[Round "2"]
[White "Guilherme_Ottoni"]
[Black "BeatifulDevil56"]
[Result "1-0"]
[WhiteElo "2281"]
[BlackElo "2225"]

1. e4 e6 2. d4 d5 3. Nc3 Nf6 4. e5 Nfd7 5. f4 c5 6. Nf3 Nc6 7. Be3 cxd4 8. Nxd4
Be7 9. Qd2 a6 10. O-O-O Ndb8 11. Nxc6 Nxc6 12. a3 b5 13. Qf2 b4 14. Bb6 Qd7 15.
axb4 Bxb4 16. Na2 Be7 17. Bc5 Rb8 18. Nc3 Qb7 19. b3 h6 20. Na4 O-O 21. Be2 Bd7
22. Bxe7 Nxe7 23. Nc5 Qb6 24. Nd3 Rfc8 25. Qxb6 Rxb6 26. Kb2 Nc6 27. Rc1 Nd4 28.
Rhe1 1-0

[Event "AUTO-MASTER-3297"]
[Site "http://www.queenalice.com/game.php?id=1873212"]
[Date "2026.5.9"]
[Round "2"]
[White "BeatifulDevil56"]
[Black "Guilherme_Ottoni"]
[Result "0-1"]
[WhiteElo "2167"]
[BlackElo "2276"]

1. d4 Nf6 2. Nf3 g6 3. Nc3 Bg7 4. e4 d5 5. e5 Ne4 6. Bd3 Nxc3 7. bxc3 c5 8. Bb5+
Bd7 9. a4 a6 10. Bxd7+ Nxd7 11. O-O O-O 12. Be3 Rc8 13. Qe2 cxd4 14. cxd4 Qc7
15. Rfc1 e6 16. Ra2 Nb6 17. a5 Nc4 18. Rca1 Qc6 19. Bg5 h6 20. Bf6 Qc7 21. Nd2
Nxd2 22. Qxd2 Qc3 23. Qxc3 Rxc3 24. Rb2 Bxf6 25. exf6 Rc7 26. h4 g5 27. h5 Rfc8
0-1